Normal view
MARC view
Entry Personal Name
001 - CONTROL NUMBER
- control field: 5741
003 - CONTROL NUMBER IDENTIFIER
- control field: BD-RjUL
005 - DATE AND TIME OF LATEST TRANSACTION
- control field: 20221106174805.0
008 - FIXED-LENGTH DATA ELEMENTS
- fixed length control field: 221106|| aca||aabn | a|a d
040 ## - CATALOGING SOURCE
- Original cataloging agency: BD-RjUL
- Transcribing agency: BD-RjUL
100 ## - HEADING--PERSONAL NAME
- Personal name: Karim, Md. Razaul
670 ## - SOURCE DATA FOUND
- Source citation: Work cat.: (BD-RjUL)80725: Karim, Md. Razaul, Studies on in vitro propargation of aegle marmelos, corr. /, 1996